Velázquez, 1599-1999 : visiones y revisiones : actas de las I Jornadas de Historia del Arte /

Diego Velázquez (1599-1660) es considerado, por la mayoría de los críticos, el mejor pintor español de todos los tiempos y uno de los grandes de la pintura universal. La influencia de su manejo de la luz, el claroscuro y el color, es fundamental para la pintura posterior. Autor mundialmente reconoci...

Descripción completa

Guardado en:
Detalles Bibliográficos
Autor corporativo: Jornadas de Historia del Arte ( Córdoba, España)
Otros autores: Villar Movellán, Alberto (edición) (edición), Urquízar Herrera, Antonio (edición) (edición)
Formato: Procedimiento de la conferencia Libro
Idioma:Español
Publicado: Córdoba, España : Universidad de Córdoba : 2002, c2002
Colección:(Arca Verde ; 6)
Temas:
Etiquetas: Agrega una etiqueta
Sin etiquetas, Sé el primero en etiquetar este registro!

MARC

LEADER 00000nam^a2200000^a^4500
001 000153203
005 20250521000000.0
009 20260526124747.783
022 |a 84-7801-642-2 
022 |a 1138-1884 
037 |a Acervo ITESO - Biblioteca 
041 |a ESP 
082 |a 709.  |b JOR 1999 
111 |a Jornadas de Historia del Arte (  |n 1o :  |d 1999 :  |c Córdoba, España) 
245 1 0 |a Velázquez, 1599-1999 :  |b visiones y revisiones : actas de las I Jornadas de Historia del Arte /  |c Jornadas de Historia del Arte ; ed. de A. Villar Movellán, A. Urquízar Herrera. 
264 4 |a Córdoba, España :  |b Universidad de Córdoba :  |c 2002, c2002 
300 |a 343 p. 
336 |a texto  |b txt  |2 rdacontenido 
337 |a sin mediación  |b n  |2 rdamedio 
338 |a volumen  |b nc  |2 rdasoporte 
440 1 |a (Arca Verde ;  |v 6) 
520 |a Diego Velázquez (1599-1660) es considerado, por la mayoría de los críticos, el mejor pintor español de todos los tiempos y uno de los grandes de la pintura universal. La influencia de su manejo de la luz, el claroscuro y el color, es fundamental para la pintura posterior. Autor mundialmente reconocido por "Las meninas", hizo numerosa pintura de corte, pero también de tipos callejeros y escenas de la vida cotidiana. La presente obra analiza la trayectoria de Velázquez en el marco de la exposición que sobre el autor montó el Museo del Prado, del 23 de enero al 31 de marzo de 1990. Además del abordaje general de su estética, se hacen análisis monográficos de numerosas pinturas. 
649 |a XX 
650 |a Pintores Españoles 
650 |a Artistas Españoles 
650 |a Pintura Barroca -  |x Historia y Crítica 
650 |a Pintura Española -  |x Historia y Crítica 
650 |a Pintura Española -  |y Siglo XVII 
650 |a Arte Barroco -  |x Historia y Crítica 
650 |a Arte Español -  |x Historia y Crítica 
650 |a Arte Español -  |y Siglo XVII 
600 |a Velázquez, Diego 
700 |a Villar Movellán, Alberto  |e (edición) 
700 |a Urquízar Herrera, Antonio  |e (edición) 
910 |a Fondo General 
920 |a Impresos - Libros 
930 |a Colección General 
905 |a 101 
901 |a 0500081865  |b IT1  |c ACC  |u 20250521 
902 |a https://opac.biblio.iteso.mx/vufind/Record/000153203